MySQL: edición especial

Enregistré dans:
Détails bibliographiques
Auteur principal: DuBois, Paul (Auteur)
Format: Livre
Langue:espagnol
Publié: Madrid Pearson Educación 2001
Sujets:
Tags: Ajouter un tag
Pas de tags, Soyez le premier à ajouter un tag!

MARC

LEADER 00000nam a2200000 a 4500
001 UCM9245
003 CL-VaPUC
008 030417e20010000SP |||||||||||||||||spa|d
082 0 4 |a 005.756  |b DUB  |2 21 
100 0 |a DuBois, Paul  |e author  |9 475657 
245 1 0 |a MySQL: edición especial 
300 |a 789 p 
942 |c BK 
945 |d 20030417 00:00:00  |a vberengu 
260 |a Madrid  |b Pearson Educación  |c 2001 
650 0 |a Bases de datos   |9 260577 
650 7 |a BASES DE DATOS RELACIONALES  |2 CL-VaPUC  |9 262466 
650 7 |a SQL  |2 CL-VaPUC  |9 475658 
650 0 |a Lenguajes de programación   |9 259458 
583 |a last modification  |c 20150106 02:42:57  |k Rodrigo Vera 
999 |c 303571  |d 303569 
952 |0 0  |1 0  |4 0  |6 005_756000000000000_DUB_2001  |7 0  |8 A  |9 364975  |a BIBING  |b BIBING  |d 2019-11-21  |i 3891011  |o 005.756 DUB 2001  |p 3891011  |r 2025-01-20  |w 2019-11-21  |y BK  |k ING